[Event "Banff op U2000"]
[Site "Banff CAN"]
[Date "2023.11.12"]
[Round "5.24"]
[White "Pan, Jason"]
[Black "McCallum, Elliot"]
[Result "1-0"]
[WhiteElo "1641"]
[BlackElo "1150"]
[PlyCount "129"]
[EventDate "2023.11.10"]
[EventType "swiss"]
[EventRounds "6"]
[EventCountry "CAN"]

1. d4 d5 2. Nc3 Nf6 3. Bf4 Bf5 4. e3 e6 5. Bd3 Bxd3 6. Qxd3 c6 7. Nf3 Bd6 8.
Bxd6 Qxd6 9. Ne5 Nbd7 10. f4 O-O 11. g4 Rfd8 12. O-O-O a5 13. h4 b5 14. g5 Nh5
15. Rdg1 g6 16. Ne2 b4 17. Ng3 Nxg3 18. Rxg3 c5 19. h5 c4 20. Qe2 b3 21. a3 c3
22. cxb3 cxb2+ 23. Kxb2 Nxe5 24. fxe5 Qe7 25. hxg6 fxg6 26. Rgh3 Ra7 27. Rxh7
Qxh7 28. Rxh7 Rxh7 29. Qa6 Kf7 30. Qb7+ Kg8 31. Qc6 Re7 32. b4 axb4 33. axb4
Rdd7 34. Kb3 Rc7 35. Qd6 Rcd7 36. Qb6 Rb7 37. Qd8+ Kg7 38. Qd6 Rbd7 39. Qa6 Ra7
40. Qd3 Rab7 41. e4 Rb8 42. exd5 exd5 43. Qf3 Reb7 44. Qxd5 Rxb4+ 45. Kc3 R4b7
46. Kd3 Rb3+ 47. Ke4 R3b5 48. Qd7+ Kg8 49. Qe6+ Kg7 50. Qf6+ Kh7 51. Qf7+ Kh8
52. Qxg6 Rf8 53. Qh6+ Kg8 54. g6 Rb7 55. e6 Re7 56. d5 Rf6 57. Qg5 Kg7 58. Ke5
Rxg6 59. Qxe7+ Kg8 60. Qe8+ Kh7 61. Qxg6+ Kh8 62. Qf6+ Kg8 63. Qe7 Kh8 64. Kf6
Kg8 65. Qg7# 1-0

[Event "Banff op U2000"]
[Site "Banff CAN"]
[Date "2023.11.12"]
[Round "5.25"]
[White "Cooper, James Ross"]
[Black "Daniluk, Jim"]
[Result "1-0"]
[WhiteElo "1901"]
[BlackElo "1775"]
[PlyCount "69"]
[EventDate "2023.11.10"]
[EventType "swiss"]
[EventRounds "6"]
[EventCountry "CAN"]

1. e4 c5 2. Nf3 Nc6 3. d4 cxd4 4. Nxd4 Nf6 5. Nc3 e5 6. Nf5 d5 7. Nxd5 Nxd5 8.
exd5 Bxf5 9. dxc6 bxc6 10. Qf3 Qd7 11. Bc4 Rc8 12. O-O Bd6 13. Rd1 e4 14. Qe2
Qc7 15. h3 O-O 16. Be3 Qe7 17. Qh5 Bg6 18. Qg5 Qxg5 19. Bxg5 Be5 20. c3 Rb8 21.
Rd2 a5 22. Re1 h6 23. Be7 Rfe8 24. Bd6 Bxd6 25. Rxd6 Rxb2 26. Rxg6 Rd8 27. Rxe4
Kh7 28. Rg3 Rd1+ 29. Kh2 Rdd2 30. Bxf7 g5 31. h4 Kg7 32. Bc4 Rxf2 33. hxg5 hxg5
34. Rxg5+ Kf6 35. Reg4 1-0

[Event "Banff op U2000"]
[Site "Banff CAN"]
[Date "2023.11.12"]
[Round "5.26"]
[White "Hogg, Daniel"]
[Black "Moore, Pat"]
[Result "1/2-1/2"]
[WhiteElo "1573"]
[BlackElo "1704"]
[PlyCount "72"]
[EventDate "2023.11.10"]
[EventType "swiss"]
[EventRounds "6"]
[EventCountry "CAN"]

1. e4 c5 2. Nf3 d6 3. d4 cxd4 4. Nxd4 a6 5. a4 Nf6 6. Nc3 Nc6 7. Be2 g6 8. O-O
Bg7 9. Be3 O-O 10. h3 Qc7 11. Qd2 Bd7 12. Nxc6 Bxc6 13. Bf3 Nd7 14. Bh6 Ne5 15.
Be2 Rac8 16. Bxg7 Kxg7 17. Qd4 Kg8 18. Rac1 e6 19. f4 Nd7 20. Rfd1 e5 21. Qxd6
Qb6+ 22. Kh2 Qxb2 23. Nd5 Bxd5 24. Qxd5 Nf6 25. Qb3 Qxb3 26. cxb3 exf4 27. Rxc8
Rxc8 28. e5 Ne8 29. Bc4 Ng7 30. Rd7 Ne6 31. Rxb7 Rd8 32. Rb6 Ng5 33. h4 Ne4 34.
Rxa6 Rd2 35. Kh3 Nf2+ 36. Kh2 Ng4+ 1/2-1/2

[Event "Banff op U2000"]
[Site "Banff CAN"]
[Date "2023.11.12"]
[Round "5.27"]
[White "Flavin, Finnegan"]
[Black "McKim, Chris"]
[Result "0-1"]
[WhiteElo "1550"]
[BlackElo "1677"]
[PlyCount "64"]
[EventDate "2023.11.10"]
[EventType "swiss"]
[EventRounds "6"]
[EventCountry "CAN"]

1. e4 e6 2. d4 d5 3. Nc3 Bb4 4. Nge2 dxe4 5. a3 Bxc3+ 6. Nxc3 Nc6 7. Bf4 a6 8.
d5 Nce7 9. Qd4 f6 10. Bg3 e5 11. Qxe4 Bf5 12. Qe2 Nxd5 13. O-O-O c6 14. Qf3
Nge7 15. Bc4 Bg6 16. Ne4 Bf7 17. Bb3 Qb8 18. c4 f5 19. Ng5 Nf6 20. Nxf7 Kxf7
21. Rhe1 e4 22. Qe3 Qa7 23. c5+ Kg6 24. Bh4 Ned5 25. Bxf6 Nxe3 26. Rxe3 Kxf6
27. Rd6+ Ke7 28. Re6+ Kd7 29. Re5 g6 30. Re1 Rhe8 31. Rd1+ Kc7 32. Be6 Rad8 0-1

[Event "Banff op U2000"]
[Site "Banff CAN"]
[Date "2023.11.12"]
[Round "5.28"]
[White "Szulski, Adam"]
[Black "Yu, Zongyan"]
[Result "0-1"]
[WhiteElo "1513"]
[BlackElo "1672"]
[PlyCount "66"]
[EventDate "2023.11.10"]
[EventType "swiss"]
[EventRounds "6"]
[EventCountry "CAN"]

1. e4 c6 2. d4 d5 3. Nc3 dxe4 4. Nxe4 Nf6 5. Nxf6+ exf6 6. c3 Bf5 7. Bd3 Qd7 8.
Nf3 Bxd3 9. Qxd3 Bd6 10. O-O O-O 11. h3 c5 12. Be3 Nc6 13. Rad1 Rad8 14. Kh1
cxd4 15. Nxd4 Be5 16. f4 Bxd4 17. Bxd4 Qe6 18. b3 Nxd4 19. cxd4 Rd5 20. f5 Qd6
21. Qe4 b6 22. h4 Rd8 23. Rf4 g6 24. fxg6 hxg6 25. Qe3 Kg7 26. Rg4 Rh8 27. Kg1
Rdh5 28. g3 Ra5 29. Rd2 Qc6 30. Rf2 Re8 31. Qd2 Rxa2 32. Qxa2 Re1+ 33. Rf1
Rxf1+ 0-1

[Event "Banff op U2000"]
[Site "Banff CAN"]
[Date "2023.11.12"]
[Round "5.29"]
[White "Henderson, Neve"]
[Black "Burrows, Quinton"]
[Result "0-1"]
[WhiteElo "1399"]
[BlackElo "1603"]
[PlyCount "55"]
[EventDate "2023.11.10"]
[EventType "swiss"]
[EventRounds "6"]
[EventCountry "CAN"]

1. e4 Nc6 2. d4 Nf6 3. e5 Nd5 4. c4 Nb6 5. Nf3 h6 6. a4 e6 7. Bd2 a5 8. Nc3 Nb4
9. Be3 d6 10. Be2 Be7 11. O-O Bd7 12. Nd2 Bg5 13. exd6 Bc6 14. dxc7 Qxc7 15.
Nb5 Qe7 16. Nf3 Be4 17. Nxg5 hxg5 18. Rc1 g4 19. Bf4 Kd7 20. Bg3 g5 21. Bxg4 f5
22. Bd6 Qh7 23. Bf3 Nd3 24. Qe2 Nf4 25. Bxf4 gxf4 26. h3 Rag8 27. Kh2 Rxg2+ 28.
Bxg2 0-1

[Event "Banff op U2000"]
[Site "Banff CAN"]
[Date "2023.11.12"]
[Round "5.30"]
[White "Bin Shoeb, Mashad"]
[Black "Dunne, Eoin"]
[Result "0-1"]
[WhiteElo "1781"]
[BlackElo "1616"]
[PlyCount "86"]
[EventDate "2023.11.10"]
[EventType "swiss"]
[EventRounds "6"]
[EventCountry "CAN"]

1. e4 c6 2. d4 d5 3. e5 c5 4. dxc5 Nc6 5. Nf3 Bg4 6. Bb5 e6 7. O-O Bxc5 8. h3
Bxf3 9. Qxf3 Nge7 10. Re1 O-O 11. Bxc6 bxc6 12. Be3 Bxe3 13. Qxe3 Nf5 14. Qc5
Qb6 15. Qxb6 axb6 16. Kf1 Nd4 17. Rc1 Ra6 18. Nd2 f6 19. c3 Nf5 20. Nf3 c5 21.
Ke2 Ne7 22. exf6 gxf6 23. Rg1 Ng6 24. a3 Ra4 25. b3 Ra7 26. a4 Kf7 27. Rgd1 e5
28. g3 d4 29. cxd4 exd4 30. Kd3 Ke6 31. Re1+ Kd5 32. Re2 Ne5+ 33. Nxe5 fxe5 34.
Rae1 Rf3+ 35. Kd2 Re7 36. Rb1 e4 37. Ke1 Ref7 38. Rbb2 h5 39. h4 d3 40. Re3 Kd4
41. Rxf3 Rxf3 42. Kd1 Kc3 43. Kc1 e3 0-1

[Event "Banff op U2000"]
[Site "Banff CAN"]
[Date "2023.11.12"]
[Round "5.31"]
[White "Moore, Kevin"]
[Black "Sharpe, Michael"]
[Result "1/2-1/2"]
[WhiteElo "1673"]
[BlackElo "1488"]
[PlyCount "74"]
[EventDate "2023.11.10"]
[EventType "swiss"]
[EventRounds "6"]
[EventCountry "CAN"]

1. e4 c5 2. c3 Nf6 3. e5 Nd5 4. d4 e6 5. c4 Nb6 6. d5 d6 7. f4 dxe5 8. Nf3 exd5
9. Nxe5 d4 10. Bd3 g6 11. O-O f5 12. Nd2 Bg7 13. Ndf3 O-O 14. Qe1 Nc6 15. a3
Re8 16. Qg3 Qf6 17. Bd2 Nd7 18. Rae1 Ncxe5 19. Nxe5 Nxe5 20. Rxe5 Rxe5 21. fxe5
Qxe5 22. Qf3 Qc7 23. Qd5+ Qf7 24. Qxc5 b6 25. Qb5 Be6 26. Re1 Re8 27. c5 Bd7
28. Qb4 Rxe1+ 29. Bxe1 bxc5 30. Qxc5 Be6 31. Bf2 Qd7 32. h3 Qc8 33. Qb4 Qc1+
34. Kh2 Qc7+ 35. Kg1 Qc1+ 36. Kh2 Qc7+ 37. Kg1 Qc1+ 1/2-1/2

[Event "Banff op U2000"]
[Site "Banff CAN"]
[Date "2023.11.12"]
[Round "6.21"]
[White "Gonzales, Joel"]
[Black "Gashgarian, Rob"]
[Result "1/2-1/2"]
[WhiteElo "1905"]
[BlackElo "1720"]
[Annotator ",hugh_brodie@hotmail."]
[PlyCount "33"]
[EventDate "2023.11.10"]
[EventType "swiss"]
[EventRounds "6"]
[EventCountry "CAN"]

1. e4 c5 2. Nf3 e6 3. c3 d5 4. Bb5+ Nc6 5. Ne5 Qc7 6. d4 cxd4 7. cxd4 a6 8.
exd5 exd5 9. Bxc6+ bxc6 10. O-O Bd6 11. Re1 Ne7 12. Nc3 O-O 13. h3 Bf5 14. Bd2
Rab8 15. g4 Bg6 16. Nxg6 fxg6 17. Na4 {Drawn in 48 moves.} 1/2-1/2

[Event "Banff op U2000"]
[Site "Banff CAN"]
[Date "2023.11.12"]
[Round "6.22"]
[White "Pan, Jason"]
[Black "Zeggelaar, Mike"]
[Result "1/2-1/2"]
[WhiteElo "1641"]
[BlackElo "1846"]
[PlyCount "67"]
[EventDate "2023.11.10"]
[EventType "swiss"]
[EventRounds "6"]
[EventCountry "CAN"]

1. d4 Nf6 2. Nc3 d5 3. Bf4 e6 4. Nb5 Na6 5. e3 c6 6. Nc3 Nc7 7. a3 Bd6 8. Bxd6
Qxd6 9. Nf3 b6 10. Bd3 Ba6 11. O-O Bxd3 12. Qxd3 O-O 13. Ne5 Nd7 14. Nxd7 Qxd7
15. e4 Rac8 16. Rad1 Rfd8 17. e5 c5 18. Ne2 Qb5 19. Qxb5 Nxb5 20. c3 cxd4 21.
Nxd4 Nxd4 22. Rxd4 Kf8 23. f4 Rc4 24. Rfd1 Rdc8 25. Rxc4 Rxc4 26. Rd4 Rc7 27.
Kf2 f6 28. exf6 gxf6 29. f5 Ke7 30. fxe6 Kxe6 31. g4 Ke5 32. Kf3 Rg7 33. Rf4
Rc7 34. Rd4 1/2-1/2

[Event "Banff op U2000"]
[Site "Banff CAN"]
[Date "2023.11.12"]
[Round "6.23"]
[White "Iomdina, Bella"]
[Black "McKim, Chris"]
[Result "1-0"]
[WhiteElo "1814"]
[BlackElo "1677"]
[PlyCount "71"]
[EventDate "2023.11.10"]
[EventType "swiss"]
[EventRounds "6"]
[EventCountry "CAN"]

1. d4 e6 2. c4 d5 3. Nc3 Nf6 4. Bg5 Be7 5. e3 c6 6. Bd3 Nbd7 7. Nge2 dxc4 8.
Bxc4 Qa5 9. Bh4 b5 10. Bd3 b4 11. Na4 Ba6 12. Bxa6 Qxa6 13. O-O O-O 14. b3 Nd5
15. Bxe7 Nxe7 16. Rc1 Rac8 17. Qc2 Nd5 18. Qc4 Qb7 19. Qc2 h6 20. Ng3 N5b6 21.
Nc5 Nxc5 22. Qxc5 Nd5 23. Ne4 Qb8 24. Qc2 Rfd8 25. g3 Qb5 26. Qc4 Qb8 27. Rc2
f5 28. Nc5 Kf7 29. Rfc1 Qb5 30. Nxe6 Qb6 31. Nxd8+ Qxd8 32. Qd3 Qd7 33. Rc5 Qe6
34. Qc4 Nc3 35. Rxf5+ Ke7 36. Re5 1-0

[Event "Banff op U2000"]
[Site "Banff CAN"]
[Date "2023.11.12"]
[Round "6.24"]
[White "Yu, Zongyan"]
[Black "Cooper, James Ross"]
[Result "1-0"]
[WhiteElo "1672"]
[BlackElo "1901"]
[PlyCount "82"]
[EventDate "2023.11.10"]
[EventType "swiss"]
[EventRounds "6"]
[EventCountry "CAN"]

1. e4 c6 2. d4 d5 3. Nc3 dxe4 4. Nxe4 Bf5 5. Ng3 Bg6 6. Nf3 e6 7. c3 Bd6 8. Bd3
Bxd3 9. Qxd3 Nf6 10. Bg5 Nbd7 11. Ne4 Bc7 12. Nfd2 h6 13. Bh4 Ne5 14. Nxf6+
Qxf6 15. Qe4 Nd3+ 16. Qxd3 Qxh4 17. Qe4 Qh5 18. h3 O-O 19. O-O Rfe8 20. f4 Rad8
21. Nb3 Bb6 22. Kh1 Rd5 23. Rae1 Red8 24. Rf3 Bc7 25. Nc5 Qh4 26. Nd3 c5 27.
Nxc5 g5 28. fxg5 Qxe4 29. Nxe4 Rb5 30. gxh6 f5 31. Ng5 Rxb2 32. h7+ Kh8 33.
Nf7+ Kxh7 34. Nxd8 Bxd8 35. d5 exd5 36. Rxf5 Rd2 37. a4 Kg6 38. Ref1 a6 39. Rf8
Ba5 40. Rg8+ Kh7 41. Rg3 Bxc3 1-0

[Event "Banff op U2000"]
[Site "Banff CAN"]
[Date "2023.11.12"]
[Round "6.25"]
[White "Tran, Tri"]
[Black "Nagarajan, Prabhat"]
[Result "1/2-1/2"]
[WhiteElo "1594"]
[BlackElo "1765"]
[PlyCount "41"]
[EventDate "2023.11.10"]
[EventType "swiss"]
[EventRounds "6"]
[EventCountry "CAN"]

1. d4 e6 2. c4 f5 3. g3 Nf6 4. Bg2 d5 5. Nc3 c6 6. Nf3 Bd6 7. cxd5 exd5 8. O-O
O-O 9. Bg5 Nbd7 10. Qc2 h6 11. Qxf5 hxg5 12. Qe6+ Kh8 13. Qxd6 g4 14. Ne5 Nxe5
15. Qxe5 Re8 16. Qf4 Qb6 17. Rab1 a5 18. Rfd1 Nh5 19. Qg5 Nf6 20. Qg6 Re6 21.
b3 1/2-1/2

[Event "Banff op U2000"]
[Site "Banff CAN"]
[Date "2023.11.12"]
[Round "6.26"]
[White "McCallum, Elliot"]
[Black "Burrows, Quinton"]
[Result "1-0"]
[WhiteElo "1150"]
[BlackElo "1603"]
[PlyCount "99"]
[EventDate "2023.11.10"]
[EventType "swiss"]
[EventRounds "6"]
[EventCountry "CAN"]

1. e4 e5 2. Nf3 Nc6 3. Bc4 Bc5 4. b4 Bxb4 5. c3 Ba5 6. d4 f6 7. dxe5 Nxe5 8.
Nxe5 fxe5 9. Qh5+ g6 10. Qxe5+ Qe7 11. Qxh8 Qxe4+ 12. Be2 Kf7 13. Qxh7+ Kf8 14.
Bh6+ Nxh6 15. Qxh6+ Kf7 16. Qe3 d5 17. Qxe4 dxe4 18. O-O Be6 19. Na3 Kf6 20. c4
c6 21. Rab1 Bb6 22. Kh1 Bc5 23. Nc2 b6 24. Nb4 Rc8 25. f3 e3 26. Nd3 Bd4 27.
Nf4 Bf7 28. Rfd1 Ke5 29. Nd3+ Kf6 30. Nc1 c5 31. Nb3 Ke5 32. Nxd4 cxd4 33. Rb5+
Rc5 34. Rxc5+ bxc5 35. f4+ Kd6 36. Rb1 Be8 37. Bd3 Ba4 38. Bxg6 Ke6 39. Bd3 Kf6
40. Kg1 Bc6 41. Rb8 Ke6 42. h4 Ba4 43. h5 Bd1 44. h6 e2 45. Bxe2 Bc2 46. f5+
Bxf5 47. Bg4 d3 48. Bxf5+ Kxf5 49. h7 d2 50. Rd8 1-0

[Event "Banff op U2000"]
[Site "Banff CAN"]
[Date "2023.11.12"]
[Round "6.27"]
[White "Dunne, Eoin"]
[Black "Moore, Pat"]
[Result "1/2-1/2"]
[WhiteElo "1616"]
[BlackElo "1704"]
[PlyCount "57"]
[EventDate "2023.11.10"]
[EventType "swiss"]
[EventRounds "6"]
[EventCountry "CAN"]

1. e4 c5 2. Nf3 d6 3. d4 cxd4 4. Nxd4 Nf6 5. Nc3 a6 6. Bc4 b5 7. Bd3 Bb7 8. a3
e6 9. Bg5 Be7 10. Qd2 Nbd7 11. f3 Rc8 12. O-O h6 13. Be3 Ne5 14. Be2 O-O 15. g4
d5 16. Bf4 Nc4 17. Bxc4 dxc4 18. Rad1 Bc5 19. Kg2 Qb6 20. Nce2 Rcd8 21. c3 Rfe8
22. g5 hxg5 23. Bxg5 e5 24. Qc2 exd4 25. cxd4 Bxd4 26. Nxd4 Rxd4 27. Be3 Red8
28. Rxd4 Nh5 29. Rxd8+ 1/2-1/2

[Event "Banff op U2000"]
[Site "Banff CAN"]
[Date "2023.11.12"]
[Round "6.28"]
[White "Dunn, Garth"]
[Black "Hogg, Daniel"]
[Result "1/2-1/2"]
[WhiteElo "1571"]
[BlackElo "1573"]
[PlyCount "98"]
[EventDate "2023.11.10"]
[EventType "swiss"]
[EventRounds "6"]
[EventCountry "CAN"]

1. e4 c5 2. Nf3 d6 3. Bc4 Nf6 4. d3 Nc6 5. h3 e6 6. a3 Be7 7. c3 O-O 8. O-O a6
9. Bg5 d5 10. exd5 exd5 11. Ba2 Be6 12. Re1 h6 13. Bxf6 Bxf6 14. Nbd2 Qd7 15.
Re3 Rfe8 16. d4 cxd4 17. cxd4 Bxd4 18. Nxd4 Nxd4 19. Rd3 Nc6 20. Rc1 Ne7 21.
Nf3 Rad8 22. Qd2 Bf5 23. Rd4 Be4 24. Qf4 Qf5 25. Qg3 Qg6 26. Qf4 Nc6 27. Rd2
Ne5 28. Nh4 Qh5 29. f3 Nd3 30. Rxd3 Bxd3 31. Qd4 Bb5 32. Bb1 Qe5 33. Qxe5 Rxe5
34. f4 Re2 35. b4 Rde8 36. Nf3 f6 37. Bg6 Rf8 38. Rc7 Be8 39. f5 Bxg6 40. fxg6
Rd8 41. Nd4 Re5 42. h4 h5 43. g3 Kf8 44. Kf2 Re7 45. Rc5 Rde8 46. Kf3 Re5 47.
Rc7 R5e7 48. Rc5 Re5 49. Rc7 R5e7 1/2-1/2

[Event "Banff op U2000"]
[Site "Banff CAN"]
[Date "2023.11.12"]
[Round "6.29"]
[White "Flavin, Finnegan"]
[Black "Henderson, Neve"]
[Result "1/2-1/2"]
[WhiteElo "1550"]
[BlackElo "1399"]
[PlyCount "72"]
[EventDate "2023.11.10"]
[EventType "swiss"]
[EventRounds "6"]
[EventCountry "CAN"]

1. e4 e5 2. Nf3 Nc6 3. Bb5 Bc5 4. c3 d6 5. O-O Bd7 6. d4 exd4 7. cxd4 Bb6 8.
Nc3 Nge7 9. Re1 O-O 10. Bg5 h6 11. Be3 Bg4 12. Kh1 Re8 13. Qd2 d5 14. Bxc6 bxc6
15. Ne5 Bh5 16. f3 Qd6 17. Rac1 f6 18. Nd3 Bf7 19. Nf4 g5 20. e5 fxe5 21. dxe5
Bxe3 22. Rxe3 Qd8 23. e6 Bg6 24. Nxg6 Nxg6 25. Ne2 Qd6 26. Nd4 Ne7 27. Qc2 Qf4
28. Qd3 Rab8 29. b3 Rb6 30. Ree1 Kg7 31. Qc3 Qf6 32. Qe3 Nf5 33. Nxf5+ Qxf5 34.
Rc5 Kg6 35. Qe2 Re7 36. Qe3 Re8 1/2-1/2

[Event "Banff op U2000"]
[Site "Banff CAN"]
[Date "2023.11.12"]
[Round "6.30"]
[White "Sharpe, Michael"]
[Black "Szulski, Adam"]
[Result "1/2-1/2"]
[WhiteElo "1488"]
[BlackElo "1513"]
[PlyCount "112"]
[EventDate "2023.11.10"]
[EventType "swiss"]
[EventRounds "6"]
[EventCountry "CAN"]

1. c4 Nf6 2. Nc3 e6 3. g3 c6 4. Bg2 Bc5 5. d4 Bb6 6. Bg5 d5 7. c5 Bc7 8. Nf3 h6
9. Bd2 b6 10. b4 O-O 11. O-O Re8 12. Bf4 Bxf4 13. gxf4 Nbd7 14. Ne5 Nxe5 15.
fxe5 Nh7 16. f4 b5 17. Qd2 a5 18. a3 f5 19. Rab1 a4 20. Qe1 g5 21. e3 Ra7 22.
Kh1 Rg7 23. Rg1 Kh8 24. Rb2 Reg8 25. Bf3 g4 26. Bd1 Nf8 27. Ne2 h5 28. Kg2 h4
29. Kf1 h3 30. Ng3 Rh7 31. Ke2 Ng6 32. Kd3 Nh4 33. Rf2 Ng2 34. Qd2 Bd7 35. Be2
Be8 36. Bf1 Nh4 37. Be2 Bh5 38. Nxh5 Rxh5 39. Rg3 Rh7 40. Qd1 Ng6 41. Qg1 Ne7
42. Qd1 Ng6 43. Qg1 Nf8 44. Qd1 Nd7 45. Qc1 Nb8 46. Qg1 Na6 47. Qe1 Qh4 48. Rf1
Ra8 49. Rfg1 Nc7 50. Qf2 Ne8 51. Qe1 Ng7 52. Qf2 Nh5 53. Qe1 Nxg3 54. Rxg3 Rg8
55. Qg1 Rg6 56. Qe1 Rgh6 1/2-1/2

[Event "Banff op U2000"]
[Site "Banff CAN"]
[Date "2023.11.12"]
[Round "6.31"]
[White "Bin Shoeb, Mashad"]
[Black "Moore, Kevin"]
[Result "1-0"]
[WhiteElo "1781"]
[BlackElo "1673"]
[PlyCount "101"]
[EventDate "2023.11.10"]
[EventType "swiss"]
[EventRounds "6"]
[EventCountry "CAN"]

1. e4 e6 2. d4 d5 3. e5 c5 4. c3 Nc6 5. Nf3 Bd7 6. Be2 Qb6 7. a3 f6 8. O-O fxe5
9. Nxe5 Nxe5 10. dxe5 Ne7 11. b4 c4 12. Bg4 Ng6 13. Bh5 O-O-O 14. Be3 Qc7 15.
f4 Ne7 16. Bg4 g6 17. a4 Nf5 18. Bxf5 gxf5 19. Qd4 a6 20. Nd2 Bc6 21. Rfb1 b6
22. b5 Bc5 23. bxc6 Bxd4 24. Bxd4 Qxc6 25. Rxb6 Qe8 26. Rxa6 Qg6 27. Ra7 Rhg8
28. g3 Rg7 29. Ra6 Rb7 30. Bb6 Rg8 31. Nf3 h5 32. Ng5 h4 33. Rb1 hxg3 34. hxg3
Kb8 35. Ba7+ Kc8 36. Rc6+ Kd7 37. Rd6+ Kc8 38. Bb6 Rxb6 39. Rdxb6 Rg7 40. Rb8+
Kc7 41. Nxe6+ Qxe6 42. R1b7+ Kc6 43. Rb6+ Kc5 44. Rxe6 Rxg3+ 45. Kf2 Rxc3 46.
Rb5+ Kd4 47. Rd6 Ke4 48. Rbxd5 Kxf4 49. e6 Rc2+ 50. Rd2 Rc3 51. R6d4+ 1-0

[Event "Banff op U2000"]
[Site "Banff CAN"]
[Date "2023.11.12"]
[Round "6.32"]
[White "Wang, April"]
[Black "Mikusek, Jerry"]
[Result "1/2-1/2"]
[WhiteElo "1435"]
[BlackElo "1537"]
[PlyCount "100"]
[EventDate "2023.11.10"]
[EventType "swiss"]
[EventRounds "6"]
[EventCountry "CAN"]

1. d4 c6 2. Nf3 d5 3. e3 Bg4 4. c4 e6 5. Be2 Nd7 6. Nbd2 Ngf6 7. b3 Bd6 8. Bb2
b6 9. h3 Bxf3 10. Nxf3 O-O 11. O-O Re8 12. cxd5 exd5 13. Rc1 Rc8 14. Qd2 Ne4
15. Qd3 h6 16. Rfd1 Re7 17. Rc2 Ndf6 18. Rdc1 Rec7 19. Nd2 Nxd2 20. Qxd2 c5 21.
dxc5 Rxc5 22. Rxc5 Rxc5 23. Rd1 Be7 24. Bf3 Ra5 25. Bxf6 Bxf6 26. Bxd5 Qc7 27.
Bf3 Kh7 28. b4 Re5 29. a3 Qc8 30. Qd7 Qxd7 31. Rxd7 Re7 32. Rd3 Kg6 33. a4 Rc7
34. Rd5 Bc3 35. b5 Bb4 36. h4 f6 37. Be4+ Kf7 38. h5 Ke7 39. Rd4 Bc5 40. Rc4
Kd6 41. Kf1 Ke5 42. Ke2 Rd7 43. Bc6 Re7 44. Re4+ Kd6 45. Rxe7 Kxe7 46. Kd3 Ke6
47. f4 Kd6 48. Ke4 Ke7 49. Kf3 Ba3 50. e4 Bb2 1/2-1/2

[Event "Barry Atkinson mem."]
[Site "Winnipeg CAN"]
[Date "2023.03.07"]
[Round "1.1"]
[White "Bonness, Will"]
[Black "Odeyemi, Emmanuel"]
[Result "1-0"]
[WhiteElo "1881"]
[BlackElo "1515"]
[PlyCount "133"]
[EventDate "2023.03.07"]
[EventType "swiss"]
[EventRounds "4"]
[EventCountry "CAN"]

1. e4 c5 2. Nf3 g6 3. c3 Bg7 4. d4 cxd4 5. cxd4 e6 6. Nc3 Ne7 7. Bd3 d5 8. e5
Nbc6 9. O-O O-O 10. a3 Nf5 11. Bxf5 exf5 12. Qb3 Ne7 13. Bg5 f6 14. exf6 Bxf6
15. Bxf6 Rxf6 16. Rfe1 Rb6 17. Qa2 Kg7 18. Re5 Re6 19. Rae1 Rxe5 20. Rxe5 Qf8
21. Nxd5 Nc6 22. Re1 Qf7 23. Nc3 Qxa2 24. Nxa2 h6 25. Nc3 a6 26. Re8 b5 27. d5
Kf7 28. Re1 Na5 29. d6 Ra7 30. Ne5+ Kg7 31. Nd5 Nc4 32. Nxc4 bxc4 33. Nb6 Rb7
34. Nxc8 Rxb2 35. Rc1 c3 36. Kf1 c2 37. Ke2 Kf7 38. Kd2 Ke6 39. Ne7 g5 40. Rxc2
Rb6 41. Rc6 Rxc6 42. Nxc6 Kxd6 43. Nd4 Ke5 44. Kd3 h5 45. Nc6+ Kd6 46. Nd4 Ke5
47. Nf3+ Kf6 48. Kd4 g4 49. Nh4 Kg5 50. g3 f4 51. Kc5 f3 52. Kb6 Kf6 53. Kxa6
Ke5 54. Kb6 Kd4 55. a4 Kd3 56. a5 Ke2 57. a6 Kxf2 58. a7 Kg1 59. a8=Q Kxh2 60.
Qa2+ Kxg3 61. Nf5+ Kh3 62. Qf2 h4 63. Qxh4+ Kg2 64. Ne3+ Kg1 65. Nxg4 f2 66.
Qxf2+ Kh1 67. Qh2# 1-0

[Event "Barry Atkinson mem."]
[Site "Winnipeg CAN"]
[Date "2023.03.07"]
[Round "1.2"]
[White "Roberts, Allan"]
[Black "Dhillon, Iqvinder"]
[Result "0-1"]
[WhiteElo "1439"]
[BlackElo "1796"]
[PlyCount "94"]
[EventDate "2023.03.07"]
[EventType "swiss"]
[EventRounds "4"]
[EventCountry "CAN"]

1. c4 f5 2. Nc3 Nf6 3. b3 e6 4. g3 Be7 5. Bg2 d6 6. d4 O-O 7. Bb2 c6 8. e4 fxe4
9. Nxe4 Nxe4 10. Bxe4 Qa5+ 11. Kf1 d5 12. Bd3 Nd7 13. Qe1 Qxe1+ 14. Rxe1 Nf6
15. c5 b6 16. b4 a5 17. a3 axb4 18. axb4 Ra2 19. Re2 bxc5 20. bxc5 Ne4 21. Kg2
Rxf2+ 22. Rxf2 Nxf2 23. Kxf2 Rxb2+ 24. Ne2 e5 25. Ra1 Bg4 26. Ra8+ Kf7 27. Ra7
e4 28. Ba6 Ra2 29. Ke3 Bxe2 30. Rxe7+ Kxe7 31. Bxe2 Rxe2+ 32. Kxe2 g5 33. h3
Kf6 34. Ke3 Kf5 35. Kf2 h5 36. Ke3 h4 37. g4+ Ke6 38. Ke2 Kd7 39. Kd2 Kc8 40.
Kc2 Kb7 41. Kc3 Ka7 42. Kb4 Ka6 43. Kb3 Kb5 44. Kc3 Ka4 45. Kc2 Kb4 46. Kd2 Kc4
47. Ke3 Kc3 0-1

[Event "Barry Atkinson mem."]
[Site "Winnipeg CAN"]
[Date "2023.03.07"]
[Round "1.3"]
[White "Atem, James"]
[Black "Trueman, Francis"]
[Result "1-0"]
[WhiteElo "1788"]
[BlackElo "1431"]
[PlyCount "65"]
[EventDate "2023.03.07"]
[EventType "swiss"]
[EventRounds "4"]
[EventCountry "CAN"]

1. d4 d6 2. e4 Nf6 3. Nd2 Nbd7 4. Ngf3 e5 5. d5 Be7 6. Bd3 O-O 7. b4 a5 8. c3
c6 9. dxc6 bxc6 10. O-O Bb7 11. bxa5 Qxa5 12. Qc2 d5 13. Nb3 Qc7 14. Bg5 h6 15.
Bxf6 Nxf6 16. Nfd2 c5 17. exd5 Nxd5 18. a4 Rad8 19. Rfd1 Nf6 20. c4 Qc6 21. Bf1
e4 22. Na5 Qc7 23. Nxb7 Qxb7 24. a5 Qc6 25. Rdb1 e3 26. fxe3 Ng4 27. Qe4 Qxe4
28. Nxe4 Nxe3 29. Rb7 Bf6 30. Nxf6+ gxf6 31. a6 Rd1 32. Rxd1 Nxd1 33. a7 1-0

[Event "Barry Atkinson mem."]
[Site "Winnipeg CAN"]
[Date "2023.03.07"]
[Round "1.4"]
[White "March, John"]
[Black "Vaughan, Nathan"]
[Result "0-1"]
[WhiteElo "1385"]
[BlackElo "1778"]
[PlyCount "48"]
[EventDate "2023.03.07"]
[EventType "swiss"]
[EventRounds "4"]
[EventCountry "CAN"]

1. c4 Nf6 2. g3 c6 3. Bg2 d5 4. c5 Nbd7 5. d4 e5 6. e3 b6 7. b4 a5 8. bxa5 bxc5
9. dxe5 Nxe5 10. Bd2 Nd3+ 11. Kf1 Ba6 12. Ne2 Nxf2 13. Kxf2 Ng4+ 14. Ke1 Qf6
15. Qa4 Qf2+ 16. Kd1 Qxe2+ 17. Kc1 Bb5 18. Qd1 Qxg2 19. Nc3 Bd3 20. Kb2 Rb8+
21. Ka3 c4+ 22. Ka4 Rb4+ 23. Ka3 Rb3+ 24. Ka4 Ra3# 0-1

[Event "Barry Atkinson mem."]
[Site "Winnipeg CAN"]
[Date "2023.03.07"]
[Round "1.5"]
[White "Letain, Cory"]
[Black "Nouri, Basir"]
[Result "1-0"]
[WhiteElo "1750"]
[BlackElo "1302"]
[PlyCount "104"]
[EventDate "2023.03.07"]
[EventType "swiss"]
[EventRounds "4"]
[EventCountry "CAN"]

1. e4 e5 2. Nf3 d6 3. d4 Bg4 4. dxe5 Bxf3 5. Qxf3 dxe5 6. Bc4 Nf6 7. Qb3 Qe7 8.
Nc3 c6 9. Bg5 a6 10. a4 Qb4 11. Bxf7+ Kd8 12. Rd1+ Nbd7 13. Qe6 Qe7 14. Rxd7+
Qxd7 15. Bxf6+ gxf6 16. Qxf6+ Qe7 17. Qxh8 Qxf7 18. Qxe5 Bg7 19. Qa5+ Qc7 20.
Qxc7+ Kxc7 21. O-O Rd8 22. Re1 Rd2 23. f4 Bd4+ 24. Kh1 Rxc2 25. e5 Rxb2 26. e6
Bxc3 27. e7 Bxe1 28. e8=Q Rb1 29. Qe4 Rd1 30. Qxh7+ Rd7 31. Qe4 Bb4 32. g3 a5
33. Qe5+ Rd6 34. f5 c5 35. f6 c4 36. f7 Kb6 37. Qb5+ Kc7 38. Qxc4+ Rc6 39. Qf4+
Bd6 40. f8=Q Bxf4 41. Qxf4+ Kd7 42. Qf7+ Kc8 43. Qe8+ Kc7 44. Qe5+ Kd7 45. Qxa5
Rc8 46. Kg2 Rc2+ 47. Kf3 Rxh2 48. Qd5+ Kc8 49. Qd6 Rh7 50. Qc5+ Kb8 51. g4 Rh3+
52. Kf4 Rh4 1-0